000 01049cab a2200277 4500
001 ABS56268
008 090401t1996 xxu||||| |||| 00| 0 eng d
035 _a(Sirsi) u22410
041 _aeng
245 _aHamlin and another v Edwin Evans
260 _c1996
350 _a0
490 _aEstates Gazette
_v[1996] 47 EG 141-144(4), (23/11/96)
520 _aCA 4 July 1996. Appeal by H against decision in favour of surveyors E, that a second claim made after the limitation period for negligent valuation, is not allowed, as only one single action can be made against a single report.
650 _aBUILT ENVIRONMENT-BUILDING PATHOLOGY-INFESTATION (FUNGAL)-FUNGI-DRY ROT
650 _aHAMLIN AND ANOTHER V EDWIN EVANS
650 _aHOUSEBUYERS REPORT AND VALUATION
650 _aLATENT DEFECTS
650 _aLIMITATION ACT 1980 S14A
650 _aNEGLIGENCE
650 _aSTRUCTURAL DEFECTS
650 _aVALUATION REPORTS
690 _aMANAGEMENT-BUSINESS MANAGEMENT-PROFESSIONAL PRACTICE
942 _n0
948 _c04/03/1997
999 _c15013
_d15013